Statistics for Britney Spears Quiz: July 11, 2022

Click here to take the quiz!

General Stats

  • This quiz has been taken 44 times
    (29 since last reset)
  • The average score is 12 of 14

Answer Stats

HintAnswer% Correct
What year was
she born in?
1981
96%
Name a year that she
dated Justin Timberlake?
1999/2000/2001/2002
96%
How many siblings
does she have?
2
96%
How many husbands
has she had?
3
96%
What month was
she born in?
December
96%
What year did she
make her first album?
1999
92%
What year did she shave of
her hair?
2007
92%
What year did her
Conservatorship end?
2021
88%
Name the year she made
her recent album upto date
2016
83%
How many albums has
she made?
9
83%
What was the name of
that album.
Baby One More Time
75%
What is one their
names.
Jason Allen
Alexander / Kevin
Federline/ Sam Asghari
71%
What is one of their
names.
Jamie Lynn
Spears / Bryan
Spears
58%
What day was
she born on?
2nd
50%

Score Distribution

Percentile by Number Answered

Percent of People with Each Score

Your Score History

You have not taken this quiz since the last reset